Ruptures of major earthquakes and active deformation in Mongolia and its surroundings /

Bibliographic Details
Other Authors: Baljinnyam, I.
Format: Book
Language:English
Published: Boulder : Geological Society of America, 1993.
Series:Memoir (Geological Society of America) ; 181.
Subjects:

MARC

Tag First Indicator Second Indicator Subfields
LEADER 00000cam a22000008a 4500
001 in00001146813
005 20151001051325.0
008 930330s1993 coua b 001 0 eng
010 |a  93017406  
020 |a 0813711819 
035 |a (OCoLC)27936002 
035 |9 AGC1726AM 
040 |a DLC  |c DLC  |d GZM  |d TXA  |d UtOrBLW 
043 |a a-mp--- 
049 |a TXAM 
050 0 0 |a QE537.2.M65  |b R87 1993 
082 0 0 |a 551.8/7/09517  |2 20 
245 0 0 |a Ruptures of major earthquakes and active deformation in Mongolia and its surroundings /  |c I. Baljinnyam [and others]. 
264 1 |a Boulder :  |b Geological Society of America,  |c 1993. 
300 |a iv, 62 pages :  |b illustrations ;  |c 29 cm. 
336 |a text  |b txt  |2 rdacontent 
337 |a unmediated  |b n  |2 rdamedia 
338 |a volume  |b nc  |2 rdacarrier 
490 1 |a Memoir ;  |v 181 
504 |a Includes bibliographical references (pages 57-59) and index. 
650 0 |a Earthquakes  |z Mongolia. 
650 0 |a Geology, Structural  |z Mongolia. 
700 1 |a Baljinnyam, I. 
830 0 |a Memoir (Geological Society of America) ;  |v 181. 
999 |a MARS 
999 f f |s f9ab9311-bc97-330e-a32e-d7aafb8bdcd5  |i a024b0af-2451-3082-8fbc-bf1a508061fe  |t 0 
952 f f |p ric  |a Texas A&M University  |b Rellis Campus  |c Joint Library Facility  |d Remote Storage  |t 0  |e QE537.2.M65 R87 1993  |h Library of Congress classification  |i unmediated -- volume  |m A14817614320 
998 f f |a QE537.2.M65 R87 1993  |t 0  |l Remote Storage